[Event "Moscow op-A 17th"]
[Site "Moscow"]
[Date "2021.02.24"]
[Round "5"]
[White "Silenko, Alexey"]
[Black "Borisov, Yury"]
[Result "0-1"]
[WhiteElo "1561"]
[BlackElo "1972"]
[PlyCount "104"]
[EventDate "2021.02.20"]
[EventType "swiss"]
[EventRounds "9"]
[EventCountry "RUS"]
[SourceTitle "CBM 200 Extra"]
[Source "ChessBase"]
[SourceDate "2021.03.31"]
[SourceVersion "1"]
[SourceVersionDate "2021.03.31"]
[SourceQuality "1"]

1. e4 c5 2. Nf3 e6 3. d3 d5 4. Nbd2 g6 5. g3 Bg7 6. Bg2 Ne7 7. 0-0 0-0 8. Qe2 b6 9. Re1 Nec6 10. Nf1 Bb7 11. e5 h6 12. h4 Kh7 13. N1h2 Nd7 14. Bf4 Qe7 15. Ng4 Rae8 16. Qd2 h5 17. Bg5 f6 18. exf6 Nxf6 19. Bxf6 Rxf6 20. Nxf6+ Qxf6 21. c3 Kh8 22. Ng5 Nd8 23. Re2 e5 24. c4 Qd6 25. Rae1 Kg8 26. f4 Nf7 27. Nxf7 Kxf7 28. fxe5 Qe6 29. cxd5 Bxd5 30. Bxd5 Qxd5 31. e6+ Kg8 32. Qf4 Qd4+ 33. Qxd4 Bxd4+ 34. Kg2 Bf6 35. Kf3 Kf8 36. Ke4 Rd8 37. Rf1 Ke7 38. Ref2 Rd4+ 39. Ke3 Be5 40. Rf7+ Kxe6 41. R7f3 Ra4 42. Rf8 Bd4+ 43. Kd2 Rxa2 44. Re8+ Kd5 45. Rg8 Rxb2+ 46. Kc1 Kc6 47. Rxg6+ Kb5 48. g4 hxg4 49. Rxg4 Rh2 50. Rf5 Kb4 51. h5 a5 52. Rg6 b5 0-1

[Event "Moscow op-A 17th"]
[Site "Moscow"]
[Date "2021.02.21"]
[Round "2"]
[White "Borisov, Yury"]
[Black "Kirushin, Ivan"]
[Result "1/2-1/2"]
[WhiteElo "1972"]
[BlackElo "1765"]
[PlyCount "87"]
[EventDate "2021.02.20"]
[EventType "swiss"]
[EventRounds "9"]
[EventCountry "RUS"]
[SourceTitle "CBM 200 Extra"]
[Source "ChessBase"]
[SourceDate "2021.03.31"]
[SourceVersion "1"]
[SourceVersionDate "2021.03.31"]
[SourceQuality "1"]

1. c4 d6 2. d4 g6 3. e4 Bg7 4. Nc3 Nf6 5. Bd3 e5 6. d5 c5 7. Nge2 0-0 8. h3 Ne8 9. 0-0 f5 10. f4 fxe4 11. Nxe4 Nd7 12. Qc2 Ndf6 13. fxe5 Nxe4 14. Rxf8+ Kxf8 15. Bxe4 Bxe5 16. Bh6+ Ng7 17. Bf4 Qe7 18. Rf1 Kg8 19. Bxe5 Qxe5 20. g4 Bd7 21. Kg2 b5 22. b3 bxc4 23. bxc4 Ba4 24. Qd3 Rb8 25. Qf3 Qe7 26. Ng3 Rb2+ 27. Rf2 Rxf2+ 28. Qxf2 Ne8 29. Qd2 Nf6 30. Bb1 Nd7 31. Qf4 Qg7 32. Bd3 Ne5 33. Be2 Qe7 34. Qe3 Kg7 35. g5 Bc2 36. h4 Qb7 37. Qf4 Qb2 38. Kh3 Bf5+ 39. Nxf5+ gxf5 40. Qxf5 Qxe2 41. Qf6+ Kg8 42. Qe6+ Kf8 43. Qxd6+ Kg8 44. Qe6+ 1/2-1/2